000 00312nam a2200133Ia 4500
008 191201s2005 xx 000 0 und d
082 _a005.26
_bBRI
100 _aBrey, Barry B
245 4 _aThe Intel Microprocessars
260 _aN.Delhi
_bPHI
_c2005
300 _a1012
650 _aB.Tech(CSE)
942 _2ddc
_cBK
999 _c945
_d945